000 00366nam a2200157Ia 4500
001 8636
003 IN-NITTTR
005 20251114233040.0
008 251113s9999||||xx |||||||||||||| ||eng||
040 _beng
040 _cIN-NITTTR
041 _aeng
082 _a378.1671 A78T
245 0 _aTowards better questions :
_b item writers' cookbook /
942 _2ddc
_cBK
999 _c11274
_d11274